Principles of abnormal psychology : (Record no. 3176)
[ view plain ]
| 000 -LEADER | |
|---|---|
| fixed length control field | 01066cam a22003491i 4500 |
| 001 - CONTROL NUMBER | |
| control field | 142424 |
| 003 - CONTROL NUMBER IDENTIFIER | |
| control field | OSt |
| 005 - DATE AND TIME OF LATEST TRANSACTION | |
| control field | 20170105101210.0 |
| 008 - FIXED-LENGTH DATA ELEMENTS--GENERAL INFORMATION | |
| fixed length control field | 830302s1941 nyu b 001 0 eng |
| 010 ## - LIBRARY OF CONGRESS CONTROL NUMBER | |
| LC control number | 41002598 |
| 035 ## - SYSTEM CONTROL NUMBER | |
| System control number | (OCoLC)6580141 |
| 035 ## - SYSTEM CONTROL NUMBER | |
| System control number | (OCoLC)ocm06580141 |
| 035 ## - SYSTEM CONTROL NUMBER | |
| System control number | (CStRLIN)NYCG83-B16045 |
| 035 ## - SYSTEM CONTROL NUMBER | |
| System control number | (NNC)142424 |
| 040 ## - CATALOGING SOURCE | |
| Modifying agency | NNC-M |
| Transcribing agency | NNC-M |
| 050 0# - LIBRARY OF CONGRESS CALL NUMBER | |
| Classification number | RC341 |
| Item number | .M37 |
| 082 0# - DEWEY DECIMAL CLASSIFICATION NUMBER | |
| Classification number | 132 |
| 100 1# - MAIN ENTRY--PERSONAL NAME | |
| Personal name | Maslow, Abraham H. |
| Fuller form of name | (Abraham Harold) |
| 245 10 - TITLE STATEMENT | |
| Title | Principles of abnormal psychology : |
| Remainder of title | the dynamics of psychic illness / |
| Statement of responsibility, etc. | A.H. Maslow and Béla Mittelmann. |
| 260 ## - PUBLICATION, DISTRIBUTION, ETC. | |
| Place of publication, distribution, etc. | New York ; |
| -- | London : |
| Name of publisher, distributor, etc. | Harper & Brothers, |
| Date of publication, distribution, etc. | c1941. |
| 300 ## - PHYSICAL DESCRIPTION | |
| Extent | x, 665 p. ; |
| Dimensions | 22 cm. |
| 500 ## - GENERAL NOTE | |
| General note | "Under the editorship of Gardner Murphy." |
| 500 ## - GENERAL NOTE | |
| General note | "First edition." |
| 500 ## - GENERAL NOTE | |
| General note | Includes index. |
| 504 ## - BIBLIOGRAPHY, ETC. NOTE | |
| Bibliography, etc. note | Bibliography: p. 547-595. |
| 650 #0 - SUBJECT ADDED ENTRY--TOPICAL TERM | |
| Topical term or geographic name entry element | Psychology, Pathological. |
| 650 #2 - SUBJECT ADDED ENTRY--TOPICAL TERM | |
| Topical term or geographic name entry element | Psychopathology. |
| 700 1# - ADDED ENTRY--PERSONAL NAME | |
| Personal name | Mittelmann, Béla, |
| Dates associated with a name | 1899-1959. |
| 700 1# - ADDED ENTRY--PERSONAL NAME | |
| Personal name | Murphy, Gardner, |
| Dates associated with a name | 1895-1979. |
| 942 ## - ADDED ENTRY ELEMENTS (KOHA) | |
| Source of classification or shelving scheme | |
| Koha item type | Book |
| Withdrawn status | Lost status | Source of classification or shelving scheme | Damaged status | Not for loan | Collection code | Permanent Location | Current Location | Shelving location | Date acquired | Total Checkouts | Full call number | Barcode | Date last seen | Date last checked out | Price effective from | Koha item type |
|---|---|---|---|---|---|---|---|---|---|---|---|---|---|---|---|---|
| Central Library (CL) | Central Library (CL) | General Stacks | 05/19/2016 | 2 | 132 MAS | S3H-D-129 | 07/27/2023 | 03/28/2023 | 05/19/2016 | Book |
